000 00809nam a2200313 a 4500
003 AR-BaBNM
005 20251128204805.0
008 082120s2002 ||||||||||||||000 | spa||
020 _a84-7731-172-2
040 _cAR-BaBNM
100 1 _aPessoa, Fernando
245 0 0 _aLisboa
_blo que el turista debe ver
260 _aMadrid
_bEndymion
_c1994
300 _axv, 83 p.
_bmapas
650 4 _aTURISMO
650 4 _aGUIAS DE VIAJE
650 4 _aMUSEOS
650 4 _aMONUMENTOS HISTORICOS
650 4 _aVISITAS A LOS MUSEOS
650 4 _aARTE RELIGIOSO
650 4 _aDISEÑO ARQUITECTONICO
650 4 _aEDIFICIOS RELIGIOSOS
650 4 _aPERIODICOS
650 4 _aPATRIMONIO CULTURAL
651 4 _aPortugal
700 1 _aOrdoñez Blanco, Rogelio
_eprologuista
942 _cBK
998 _csole
999 _c8839
_d8839